Top Scorers Eredivisie (2000-2024) - Statistics

General Stats
  • This quiz has been taken 78 times
  • The average score is 13 of 29
Answer Stats
season player % Correct
2023/2024 Luuk de Jong
88%
2018/2019 Luuk de Jong
88%
2018/2019 Dusan Tadic
76%
2007/2008 Klaas-Jan Huntelaar
66%
2005/2006 Klaas-Jan Huntelaar
66%
2009/2010 Luis Suárez
63%
2023/2024 Vangelis Pavlidis
56%
2014/2015 Memphis Depay
53%
1999/2000 Ruud van Nistelrooy
53%
2004/2005 Dirk Kuyt
49%
2022/2023 Xavi Simons
47%
2006/2007 Afonso Alves
38%
2020/2021 Giorgos Giakoumakis
38%
2021/2022 Sébastien Haller
38%
2022/2023 Anasasios Douvikas
37%
2011/2012 Bas Dost
37%
2003/2004 Mateja Kežman
35%
2002/2003 Mateja Kežman
35%
2000/2001 Mateja Kežman
35%
2016/2017 Nicolai Jørgensen
35%
2019/2020 Steven Berghuis
35%
2015/2016 Vincent Janssen
34%
2012/2013 Wilfried Bony
31%
2013/2014 Alfred Finnbogason
29%
2010/2011 Björn Vleminckx
26%
2017/2018 Alireza Jahanbakhsh
24%
2008/2009 Mounir El Hamdaoui
22%
2019/2020 Cyriel Dessers
21%
2001/2002 Pierre van Hooijdonk
16%
No matching quizzes found
Score Distribution
Percent of People with Each Score
Percentile by Number Answered
Your Score History
You have not taken this quiz